000 00539nam a2200217Ia 4500
003 OSt
005 20220928135426.0
006 a|||||r|||| 00| 0
007 ta
008 220927b |||||||| |||| 00| 0 eng d
024 _a2072
037 _cTextual
040 _aSDCL
_cSDCL
_beng
041 _2eng
_aeng
082 _aO-:gxM88, K5
100 _aEliot T S
245 0 _aCriticize the critic
_b And other writings
260 _c1965
942 _hO-:gxM88, K5
_cTEXL
_2CC
999 _c805883
_d805883